000 00649nam a2200253 a 4500
001 nice12345678
003 IN_TiNIC
005 20260116015222.0
008 050524s1972 meea grp 000 0 eng
020 _a
_c100
082 0 0 _a305.6297054
_bMUJ1
100 _aMujeeb, M
245 _aIslamic Influence on Indian Society
260 _aMeerut
_bMeenakshi Pub
_c1972
300 _a204p
500 _aincludes index and biblioraphy
505 2 _aAppendices, Index Xerox copy of Original Book
650 _aMuslims-India
650 _aIslam-Relations India
700 1 _aMujeeb, M
902 _bSRS
942 _cBK
999 _c18800
_d18800